<?xml version="1.0" encoding="UTF-8"?>
<record
    xmlns:xsi="http://www.w3.org/2001/XMLSchema-instance"
    xsi:schemaLocation="http://www.loc.gov/MARC21/slim http://www.loc.gov/standards/marcxml/schema/MARC21slim.xsd"
    xmlns="http://www.loc.gov/MARC21/slim">

  <leader>00268    a2200097   4500</leader>
  <datafield tag="020" ind1=" " ind2=" ">
    <subfield code="a">9799991599921</subfield>
  </datafield>
  <datafield tag="245" ind1=" " ind2=" ">
    <subfield code="a">Gehlunu dhuniyeh</subfield>
  </datafield>
  <datafield tag="260" ind1=" " ind2=" ">
    <subfield code="a">Male maldives</subfield>
    <subfield code="b">Novelty Prints</subfield>
    <subfield code="c">2013</subfield>
  </datafield>
  <datafield tag="300" ind1=" " ind2=" ">
    <subfield code="a">299 pages;</subfield>
    <subfield code="c">19.6 cm.</subfield>
  </datafield>
  <datafield tag="942" ind1=" " ind2=" ">
    <subfield code="c">BK</subfield>
    <subfield code="2">Dewey Decimal classification</subfield>
    <subfield code="i">SAD</subfield>
    <subfield code="6">SAD</subfield>
  </datafield>
  <datafield tag="952" ind1=" " ind2=" ">
    <subfield code="2">ddc</subfield>
    <subfield code="3">Fast Cataloged Item</subfield>
    <subfield code="9">1936</subfield>
    <subfield code="a">KFPL</subfield>
    <subfield code="b">KFPL</subfield>
    <subfield code="c">ENG</subfield>
    <subfield code="d">2025-01-07</subfield>
    <subfield code="l">1</subfield>
    <subfield code="o">SAD</subfield>
    <subfield code="p">KL-2025-000526</subfield>
    <subfield code="r">2025-02-09 06:00:16</subfield>
    <subfield code="s">2025-02-02</subfield>
    <subfield code="y">BK</subfield>
  </datafield>
  <datafield tag="952" ind1=" " ind2=" ">
    <subfield code="2">ddc</subfield>
    <subfield code="3">Fast Cataloged Item</subfield>
    <subfield code="9">1937</subfield>
    <subfield code="a">KFPL</subfield>
    <subfield code="b">KFPL</subfield>
    <subfield code="c">ENG</subfield>
    <subfield code="d">2025-01-07</subfield>
    <subfield code="l">0</subfield>
    <subfield code="o">SAD</subfield>
    <subfield code="p">KL-2025-000525</subfield>
    <subfield code="r">2025-02-02 13:57:35</subfield>
    <subfield code="y">BK</subfield>
  </datafield>
  <datafield tag="999" ind1=" " ind2=" ">
    <subfield code="c">1442</subfield>
    <subfield code="d">1442</subfield>
  </datafield>
</record>
